000 00629nam a22002297a 4500
003 UA-OsUOA
001 91075
007 ta
008 20121122b un ||||| |||| 00| 0 ukr d
100 _aПолторацький О.
090 _a821.161.2
_bП52
942 _cBK
040 _aUA-OsUOA
_bukr
_cUA-OsUOA
_dUA-OsUOA
245 _aПовість про Гоголя
_bдитинство, юність
300 _a380 с.
955 _a3
041 _aukr
080 _a821.161.2
260 _aК.
_bДніпро
_c1971
650 7 _a82 Література. Літературознавство
_2UDC
999 _c377338
_d377338